[Event "37th Nezhmetdinov Rapid"]
[Site "Kazan RUS"]
[Date "2015.05.30"]
[Round "6.9"]
[White "Yandemirov, Valeri"]
[Black "Mishuchkov, Nikolai M."]
[Result "1/2-1/2"]
[WhiteTitle "GM"]
[BlackTitle "IM"]
[WhiteElo "2394"]
[BlackElo "2321"]
[WhiteFideId "4102622"]
[BlackFideId "4102401"]
[EventDate "2015.05.29"]

1. e4 c5 2. Nf3 e6 3. c4 Nc6 4. d4 cxd4 5. Nxd4 Nf6 6. Nc3 Bb4 7. Nxc6 bxc6 8.
Bd3 e5 9. O-O O-O 10. Be3 Qe7 11. Na4 h6 12. c5 d5 13. cxd6 Bxd6 14. h3 Be6 15.
b3 Ba3 16. Qe2 Rfd8 17. Rfd1 Nd7 18. Bc4 Nf8 19. Rab1 Bxc4 20. Qxc4 Ne6 21.
Rxd8+ Rxd8 22. Qxc6 Nd4 23. Qa6 Rd6 24. Qc8+ Kh7 25. Qc4 a5 26. Kh1 Qh4 27. Nc3
Bb4 28. Bxd4 Rxd4 29. Qxf7 Bxc3 30. Qf5+ g6 31. Qf7+ Kh8 32. Rc1 Rd3 33. Qf8+
Kh7 34. Qf7+ Kh8 35. Qc4 Qf4 36. Qc8+ Kg7 37. Qc7+ Kh8 38. Qc8+ Kg7 39. Qc7+ Kh8
40. Qc8+ Kg7 41. Qc7+ Kf6 42. Qc6+ Kg5 1/2-1/2

[Event "37th Nezhmetdinov Rapid"]
[Site "Kazan RUS"]
[Date "2015.05.30"]
[Round "6.10"]
[White "Kalegin, Evgenij"]
[Black "Nizamov, Ildar"]
[Result "1-0"]
[WhiteTitle "IM"]
[BlackTitle "IM"]
[WhiteElo "2460"]
[BlackElo "2286"]
[WhiteFideId "4103416"]
[BlackFideId "4132947"]
[EventDate "2015.05.29"]

1. e4 Nc6 2. Nf3 d6 3. d4 Nf6 4. Nc3 Bg4 5. d5 Nb8 6. Be2 e5 7. dxe6 Bxe6 8. Nd4
Bd7 9. O-O Nc6 10. Re1 Nxd4 11. Qxd4 Be7 12. b3 O-O 13. Bb2 Bc6 14. Rad1 Re8 15.
Nd5 Bxd5 16. exd5 Bf8 17. Bb5 Rxe1+ 18. Rxe1 Qc8 19. Qh4 Nxd5 20. Bd3 f5 21. Bc4
c6 22. Qd4 Qd7 23. Bxd5+ cxd5 24. Qxd5+ Qf7 25. Rd1 Re8 26. Kf1 Re6 27. c4 a6
28. a4 Rh6 29. h3 Re6 30. Ba3 h5 31. Rd3 f4 32. Bc1 Kh7 33. Bxf4 Qg6 34. Rd1 Rf6
35. Be3 Rf5 36. Qd3 Kh8 37. Bd4 Be7 38. Be3 Bh4 39. Qxd6 Rf6 40. Qd4 Bg5 41.
Bxg5 Qxg5 42. Qd8+ Kh7 43. Qd3+ Kh8 44. Qd2 Qe5 45. Kg1 Re6 46. Qd8+ Kh7 47. Qd5
Qe2 48. Qd3+ Qxd3 49. Rxd3 Kg6 50. b4 Re1+ 51. Kh2 Rb1 52. Rd6+ Kf5 53. Rb6 Rc1
54. c5 a5 55. b5 Rxc5 56. Rxb7 Rc4 57. Rxg7 1-0

[Event "37th Nezhmetdinov Rapid"]
[Site "Kazan RUS"]
[Date "2015.05.30"]
[Round "7.2"]
[White "Bocharov, Dmitry"]
[Black "Korchmar, Vasiliy"]
[Result "1-0"]
[WhiteTitle "GM"]
[BlackTitle "FM"]
[WhiteElo "2577"]
[BlackElo "2393"]
[WhiteFideId "4138716"]
[BlackFideId "24131750"]
[EventDate "2015.05.29"]

1. Nf3 d5 2. c4 d4 3. b4 Bg4 4. Ne5 Bf5 5. e3 e6 6. Bb2 dxe3 7. fxe3 Nf6 8. Be2
Be7 9. O-O Nbd7 10. a3 O-O 11. Nf3 h6 12. d3 a5 13. b5 Nc5 14. e4 Bh7 15. e5 Ng4
16. d4 Ne4 17. Bd3 f5 18. exf6 Ngxf6 19. Qe2 Kh8 20. Nbd2 Nxd2 21. Qxd2 Bxd3 22.
Qxd3 Kg8 23. Rae1 c5 24. bxc6 bxc6 25. Rxe6 Rb8 26. Ne5 Rxb2 27. Nxc6 Qa8 28.
Nxe7+ Kf7 29. d5 1-0

[Event "37th Nezhmetdinov Rapid"]
[Site "Kazan RUS"]
[Date "2015.05.30"]
[Round "7.4"]
[White "Sharafiev, Azat"]
[Black "Goganov, Aleksey"]
[Result "1-0"]
[WhiteTitle "IM"]
[BlackTitle "GM"]
[WhiteElo "2415"]
[BlackElo "2609"]
[WhiteFideId "4186214"]
[BlackFideId "24109959"]
[EventDate "2015.05.29"]

1. d4 Nf6 2. c4 e6 3. Nf3 Bb4+ 4. Bd2 c5 5. Bxb4 cxb4 6. g3 b6 7. Bg2 Bb7 8. O-O
O-O 9. Nbd2 d6 10. Ne1 Bxg2 11. Kxg2 Nc6 12. e3 d5 13. Rc1 Rc8 14. Nd3 dxc4 15.
Rxc4 a5 16. Qf3 Ne7 17. Rxc8 Qxc8 18. Rc1 Qa6 19. Ne5 Qb5 20. Ndc4 Rd8 21. g4
Ng6 22. Nxg6 hxg6 23. Ne5 Qd5 24. Rc7 Rf8 25. Qxd5 Nxd5 26. Rc6 b5 27. Rc5 f6
28. Nc6 f5 29. gxf5 Rxf5 30. Rxd5 exd5 31. Ne7+ Kf7 32. Nxf5 gxf5 33. Kg3 g5 34.
h4 Kg6 35. hxg5 Kxg5 36. b3 a4 37. Kf3 Kg6 38. Kf4 Kf6 39. f3 a3 40. e4 fxe4 41.
fxe4 dxe4 42. Kxe4 1-0

[Event "37th Nezhmetdinov Rapid"]
[Site "Kazan RUS"]
[Date "2015.05.30"]
[Round "7.5"]
[White "Hovhannisyan, Robert"]
[Black "Kalegin, Evgenij"]
[Result "0-1"]
[WhiteTitle "GM"]
[BlackTitle "IM"]
[WhiteElo "2599"]
[BlackElo "2460"]
[WhiteFideId "13302507"]
[BlackFideId "4103416"]
[EventDate "2015.05.29"]

1. e4 c5 2. Nf3 e6 3. g3 Nc6 4. Bg2 Nge7 5. O-O Nd4 6. c3 Nxf3+ 7. Bxf3 Nc6 8.
d4 cxd4 9. cxd4 Be7 10. d5 Ne5 11. Bg2 d6 12. Nc3 O-O 13. f4 Nc4 14. Qe2 Nb6 15.
Be3 exd5 16. exd5 Re8 17. Kh1 Bf6 18. Bxb6 axb6 19. Ne4 Bf5 20. Nxf6+ Qxf6 21.
Qf2 Be4 22. Rfe1 Qf5 23. Bxe4 Rxe4 24. Rxe4 Qxe4+ 25. Qg2 Qxg2+ 26. Kxg2 Ra5 27.
Rc1 g6 28. Rc4 Rxd5 29. Rb4 b5 30. Kf3 f5 31. Ke2 Kf7 32. Rb3 Ke6 33. a3 Kd7 34.
h3 h6 35. Rb4 Rc5 36. Kd2 Kc6 37. Rb3 Rc4 38. Rf3 Rd4+ 39. Kc2 d5 40. b3 Re4 41.
Rc3+ Kd6 42. Kd2 d4 43. Rc8 Re3 44. Rd8+ Kc5 45. b4+ Kc4 46. Rc8+ Kd5 47. g4
Rxh3 48. gxf5 gxf5 49. Rc5+ Ke4 50. Re5+ Kxf4 51. Rxb5 Ke4 52. a4 Rh2+ 53. Kc1
f4 54. Rxb7 f3 55. Rf7 f2 56. Kd1 Ke5 0-1

[Event "37th Nezhmetdinov Rapid"]
[Site "Kazan RUS"]
[Date "2015.05.30"]
[Round "7.6"]
[White "Lintchevski, Daniil"]
[Black "Amirkhanov, Roustem"]
[Result "1/2-1/2"]
[WhiteTitle "GM"]
[BlackTitle "FM"]
[WhiteElo "2554"]
[BlackElo "2293"]
[WhiteFideId "4171055"]
[BlackFideId "24112461"]
[EventDate "2015.05.29"]

1. e4 e5 2. Nf3 Nc6 3. Nc3 Nf6 4. d4 exd4 5. Nxd4 Bb4 6. Nxc6 bxc6 7. Bd3 d5 8.
exd5 cxd5 9. O-O O-O 10. Bg5 c6 11. Qf3 Be7 12. Rfe1 Be6 13. h3 Nd7 14. Bxe7
Qxe7 15. Ne2 Qf6 16. Qxf6 Nxf6 17. Nd4 Bd7 18. Nb3 Rae8 19. Kf1 Rxe1+ 20. Rxe1
Re8 21. Nc5 Bc8 22. Rxe8+ Nxe8 23. Ba6 Bf5 24. c3 Nd6 25. Bb7 Nxb7 26. Nxb7 Kf8
27. Ke2 Ke7 28. Ke3 Bc8 29. Nc5 Kd6 30. Kd4 g5 31. b4 h5 32. f4 gxf4 33. Nd3 f3
34. gxf3 Bxh3 35. Nf4 Bf1 36. Nxh5 Be2 37. Ke3 Bc4 38. a3 c5 39. Ng3 Kc6 40. Nf5
d4+ 41. cxd4 cxb4 42. axb4 Kb5 43. Ke4 Kxb4 44. d5 Kc5 45. Ne3 Bb3 46. Ke5 f6+
47. Kxf6 Kd6 48. Kf5 Bxd5 49. Nxd5 Kxd5 50. f4 a5 51. Kg6 a4 52. f5 a3 53. f6 a2
54. f7 a1=Q 55. f8=Q Qg1+ 56. Kh7 Qh2+ 57. Kg8 Qg3+ 58. Qg7 Qxg7+ 59. Kxg7 Ke5 1/2-1/2

[Event "37th Nezhmetdinov Rapid"]
[Site "Kazan RUS"]
[Date "2015.05.30"]
[Round "7.7"]
[White "Gordievsky, Dmitry"]
[Black "Shariyazdanov, Andrey"]
[Result "1/2-1/2"]
[WhiteTitle "FM"]
[BlackTitle "GM"]
[WhiteElo "2480"]
[BlackElo "2535"]
[WhiteFideId "24112798"]
[BlackFideId "4122747"]
[EventDate "2015.05.29"]

1. d4 Nf6 2. c4 e6 3. Nf3 d5 4. Nc3 Be7 5. Bg5 h6 6. Bh4 O-O 7. e3 Nbd7 8. Rc1
c6 9. Bd3 a6 10. c5 e5 11. dxe5 Ne8 12. Bg3 Nxc5 13. Bb1 Bg4 14. Qc2 g6 15. Nd4
Ne6 16. h3 Nxd4 17. exd4 Bf5 18. Qd2 Bxb1 19. Rxb1 Ng7 20. Bf4 g5 21. Bh2 f5 22.
exf6 Bxf6 23. O-O Qd7 24. Na4 Rae8 25. Nc5 Qc8 26. Rbe1 Ne6 27. Bd6 Nxc5 28.
dxc5 Rxe1 29. Rxe1 Re8 30. b3 Kf7 31. Rxe8 Qxe8 32. Qb4 Qd7 33. f4 Kg6 34. Qe1
gxf4 35. Bxf4 Bd4+ 36. Kh2 Bg7 37. Qg3+ Kf7 38. Bd6 Qf5 39. Qe3 Kg6 40. g4 Qb1
41. Qe6+ Kh7 42. Qf5+ Qxf5 43. gxf5 Bf6 44. Kg3 h5 45. Kf4 Kg7 46. Bc7 Kf7 47.
Bd6 Ke8 48. Bc7 Kd7 49. Bb6 Kc8 50. Ba5 Kd7 51. Bb6 Ke7 52. Bc7 Kf7 53. Bd6 Be7
54. Ke5 Bg5 55. Bc7 Be7 56. Bd6 Bf8 57. Kf4 Bg7 58. Bc7 Bh6+ 1/2-1/2

[Event "37th Nezhmetdinov Rapid"]
[Site "Kazan RUS"]
[Date "2015.05.30"]
[Round "7.8"]
[White "Vorobiov, Evgeny E."]
[Black "Hasangatin, Ramil"]
[Result "1/2-1/2"]
[WhiteTitle "GM"]
[BlackTitle "GM"]
[WhiteElo "2579"]
[BlackElo "2509"]
[WhiteFideId "4121341"]
[BlackFideId "4122160"]
[EventDate "2015.05.29"]

1. d4 d6 2. c4 e5 3. Nf3 e4 4. Ng5 Nf6 5. Nc3 Qe7 6. Qc2 Bf5 7. f3 Nc6 8. d5 Nd4
9. Qd1 c5 10. dxc6 Nxc6 11. Nd5 Qd8 12. g4 Bg6 13. h4 h6 14. Nh3 Nxd5 15. cxd5
Qa5+ 16. Kf2 Ne5 17. Nf4 Be7 18. Bd2 Qb6+ 19. Be3 Qxb2 20. Kg3 O-O 21. Rb1 Qa3
22. Rb3 Qa4 23. Qd4 Qxd4 24. Bxd4 b6 25. Bxe5 dxe5 26. Nxg6 fxg6 27. fxe4 g5 28.
h5 Rfc8 29. e3 Rc1 30. Bg2 Rxh1 31. Bxh1 Rc8 32. Bf3 Rc1 33. a4 Rc5 34. Be2 Bd6
35. Bb5 Kf8 36. Kf3 Ke7 37. Rd3 Rc1 38. Rd2 Bc5 39. Rd3 Kd6 40. Rb3 a5 41. Rd3
Bb4 42. Ke2 Rc2+ 43. Kf3 Be1 44. Rd1 Bb4 45. Rf1 Bc5 46. Rd1 Rc3 47. Rd3 Rxd3
48. Bxd3 Ke7 49. Bb5 Kd6 1/2-1/2

[Event "37th Nezhmetdinov Rapid"]
[Site "Kazan RUS"]
[Date "2015.05.30"]
[Round "7.9"]
[White "Khismatullin, Denis"]
[Black "Filipenko, Alexander V"]
[Result "1-0"]
[WhiteTitle "GM"]
[BlackTitle "IM"]
[WhiteElo "2666"]
[BlackElo "2302"]
[WhiteFideId "4142578"]
[BlackFideId "4104471"]
[EventDate "2015.05.29"]

1. Nf3 d5 2. g3 c6 3. Bg2 Bf5 4. c4 e6 5. O-O Nf6 6. cxd5 exd5 7. d3 Be7 8. Qb3
Qb6 9. Qc2 O-O 10. Nc3 h6 11. e4 dxe4 12. dxe4 Bh7 13. Be3 Qc7 14. Nd4 Na6 15.
h3 Rfe8 16. a3 Nc5 17. b4 Ncd7 18. Qb3 Bd6 19. Qc2 a5 20. b5 Nc5 21. bxc6 bxc6
22. Nf5 Bxf5 23. exf5 Ncd7 24. Rfe1 Rab8 25. Qa4 Nb6 26. Qxa5 Nbd5 27. Qxc7 Bxc7
28. Nxd5 cxd5 29. Bd4 Bb6 30. Rxe8+ Nxe8 31. Rb1 1-0

[Event "37th Nezhmetdinov Rapid"]
[Site "Kazan RUS"]
[Date "2015.05.30"]
[Round "7.10"]
[White "Andriasian, Zaven"]
[Black "Severina, Maria"]
[Result "1-0"]
[WhiteTitle "GM"]
[BlackTitle "WIM"]
[WhiteElo "2600"]
[BlackElo "2212"]
[WhiteFideId "13302000"]
[BlackFideId "4116909"]
[EventDate "2015.05.29"]

1. e4 e5 2. Nf3 Nc6 3. Bc4 Bc5 4. c3 Nf6 5. d3 O-O 6. O-O d5 7. exd5 Nxd5 8.
Nbd2 Nb6 9. Bb5 Bg4 10. h3 Bh5 1-0

[Event "37th Nezhmetdinov Rapid"]
[Site "Kazan RUS"]
[Date "2015.05.30"]
[Round "8.2"]
[White "Khismatullin, Denis"]
[Black "Bocharov, Dmitry"]
[Result "1-0"]
[WhiteTitle "GM"]
[BlackTitle "GM"]
[WhiteElo "2666"]
[BlackElo "2577"]
[WhiteFideId "4142578"]
[BlackFideId "4138716"]
[EventDate "2015.05.29"]

1. d4 d5 2. c4 c6 3. Nc3 Nf6 4. e3 e6 5. Nf3 Nbd7 6. Qc2 b6 7. Bd3 Bb7 8. O-O
Be7 9. b3 O-O 10. Bb2 Rc8 11. Rad1 Qc7 12. Ne5 Rfd8 13. f4 c5 14. Qe2 Nf8 15. f5
dxc4 16. Bxc4 Bd5 17. fxe6 Bxc4 18. Qxc4 fxe6 19. Qa6 cxd4 20. exd4 Ng6 21. Nxg6
hxg6 22. Qe2 Qc6 23. Kh1 Bb4 24. Rd3 Bxc3 25. Rxc3 Qd5 26. Rg3 Kf7 27. Qd3 g5
28. h3 Rc6 29. Bc1 Qxd4 30. Qa6 Qd5 31. Bxg5 Rd7 32. Qa4 b5 33. Qh4 e5 34. Bxf6
gxf6 35. Qh7+ Ke6 36. Qg8+ Ke7 37. Rg7+ 1-0

[Event "37th Nezhmetdinov Rapid"]
[Site "Kazan RUS"]
[Date "2015.05.30"]
[Round "8.3"]
[White "Sharafiev, Azat"]
[Black "Lintchevski, Daniil"]
[Result "1-0"]
[WhiteTitle "IM"]
[BlackTitle "GM"]
[WhiteElo "2415"]
[BlackElo "2554"]
[WhiteFideId "4186214"]
[BlackFideId "4171055"]
[EventDate "2015.05.29"]

1. d4 Nf6 2. c4 g6 3. Nc3 Bg7 4. e4 O-O 5. Nf3 d6 6. Be2 Nbd7 7. O-O e5 8. Re1
c6 9. Bf1 Re8 10. d5 c5 11. a3 h6 12. b4 b6 13. Rb1 Nh7 14. Bd3 Rf8 15. Qc2 a6
16. Bd2 Qc7 17. Qc1 h5 18. Qc2 Rb8 19. Rb2 Bb7 20. Reb1 Ba8 21. Be1 Bh6 22. Nd2
Rfc8 23. Nb3 b5 24. bxc5 dxc5 25. Nd2 b4 26. axb4 cxb4 27. Rxb4 Rxb4 28. Rxb4
Bf8 29. Rb1 Nc5 30. Bf1 Nf6 31. Na4 Nfd7 32. Nxc5 Nxc5 33. Nb3 Nxb3 34. Rxb3 Bc5
35. Bd2 a5 36. Qa2 Qa7 37. Be3 a4 38. Bxc5 Rxc5 39. Ra3 Ra5 40. Qb2 Qc5 41. Bd3
Bb7 42. Ra1 Qd4 43. Qxd4 exd4 44. Ra3 Ba6 45. Kf1 g5 46. Ke2 f6 47. c5 1-0

[Event "37th Nezhmetdinov Rapid"]
[Site "Kazan RUS"]
[Date "2015.05.30"]
[Round "8.5"]
[White "Korchmar, Vasiliy"]
[Black "Andriasian, Zaven"]
[Result "0-1"]
[WhiteTitle "FM"]
[BlackTitle "GM"]
[WhiteElo "2393"]
[BlackElo "2600"]
[WhiteFideId "24131750"]
[BlackFideId "13302000"]
[EventDate "2015.05.29"]

1. d4 Nf6 2. c4 c6 3. Nf3 d5 4. g3 g6 5. Bg2 Bg7 6. cxd5 cxd5 7. O-O O-O 8. Nc3
Nc6 9. Ne5 Be6 10. Nxc6 bxc6 11. Bf4 Nd7 12. Na4 Bf5 13. Rc1 Rc8 14. Nc5 Nxc5
15. Rxc5 Qb6 16. Qd2 e5 17. Be3 e4 18. Rfc1 Bd7 19. b3 Rfe8 20. Bh6 Bxh6 21.
Qxh6 e3 22. fxe3 Qa6 23. R5c2 Bf5 24. Rd2 Qa5 25. Rcd1 Qc3 26. e4 Bxe4 27. Bxe4
Rxe4 28. Rd3 Qa5 29. Qd2 Qc7 30. Re3 Rce8 31. Rxe4 Rxe4 32. Rc1 Qe7 33. Rc2 h5
34. Qd3 Re3 35. Qa6 Qe4 36. Qxc6 h4 37. Qa8+ Kg7 38. Rc8 Qxd4 39. Kg2 Rxe2+ 40.
Kh3 Qf6 41. Qxd5 hxg3 42. hxg3 Qf1+ 43. Kg4 Re4+ 0-1

[Event "37th Nezhmetdinov Rapid"]
[Site "Kazan RUS"]
[Date "2015.05.30"]
[Round "8.6"]
[White "Rozum, Ivan"]
[Black "Gordievsky, Dmitry"]
[Result "1-0"]
[WhiteTitle "GM"]
[BlackTitle "FM"]
[WhiteElo "2539"]
[BlackElo "2480"]
[WhiteFideId "24104272"]
[BlackFideId "24112798"]
[EventDate "2015.05.29"]

1. Nf3 g6 2. g3 Bg7 3. Bg2 Nf6 4. O-O O-O 5. d4 d6 6. c4 Nbd7 7. Nc3 e5 8. e4 c6
9. h3 Qa5 10. Qc2 exd4 11. Nxd4 Qc5 12. Nce2 Ne5 13. b3 Qb6 14. Be3 c5 15. Nb5
a6 16. Nbc3 Qc7 17. Nf4 Nc6 18. Rad1 Be6 19. Qd2 Rad8 20. Nfd5 Bxd5 21. exd5 Ne5
22. g4 Rfe8 23. Ne2 b5 24. g5 Nh5 25. f4 Nd7 26. Bf3 bxc4 27. bxc4 Nb6 28. Rc1
Ng3 29. Nxg3 Rxe3 30. Kg2 Rde8 31. f5 Bd4 32. f6 Nd7 33. Rfe1 Rxe1 34. Rxe1 Rxe1
35. Qxe1 Ne5 36. Qe2 Qd7 37. Ne4 Qf5 38. Bg4 Qf4 39. Nxd6 Qc1 40. Qd1 Qxg5 41.
Ne4 Qe3 42. Qb1 h5 43. Be6 Qf3+ 44. Kh2 Qe2+ 45. Kh1 Qf3+ 46. Kh2 Qf4+ 47. Kg2
Kh7 48. d6 fxe6 49. Qb7+ Kh6 50. Qg7# 1-0

[Event "37th Nezhmetdinov Rapid"]
[Site "Kazan RUS"]
[Date "2015.05.30"]
[Round "8.7"]
[White "Askarov, Marat"]
[Black "Geller, Jakov"]
[Result "0-1"]
[WhiteTitle "GM"]
[BlackTitle "GM"]
[WhiteElo "2467"]
[BlackElo "2474"]
[WhiteFideId "4141229"]
[BlackFideId "4151984"]
[EventDate "2015.05.29"]

1. c4 e6 2. Nf3 d5 3. g3 Nf6 4. Bg2 Be7 5. O-O O-O 6. b3 c5 7. Bb2 Nc6 8. e3 b6
9. d4 cxd4 10. Nxd4 Bb7 11. Nxc6 Bxc6 12. Qe2 Rc8 13. Rd1 Qe8 14. cxd5 Bxd5 15.
e4 Bc6 16. Nc3 Nd7 17. Qa6 Ra8 18. a3 Nc5 19. Qc4 b5 20. Qe2 Nxb3 21. Rab1 Rc8
22. Nd5 exd5 23. exd5 Bd7 24. Re1 Bf6 25. Qd1 Qd8 26. Qxb3 Re8 27. Rxe8+ Bxe8
28. Bh3 Rb8 29. Bxf6 Qxf6 30. Qb4 Rd8 31. Re1 h5 32. d6 Bc6 33. Bg2 Qxd6 34.
Qxd6 Rxd6 35. Bxc6 Rxc6 36. Re5 a6 37. Rxh5 Rc1+ 38. Kg2 Ra1 39. Rc5 Rxa3 40.
Rc8+ Kh7 41. Rb8 Ra4 42. Kf3 b4 43. Ke4 a5 44. Kd4 Ra2 45. Rb5 Rxf2 46. Rxa5
Rxh2 47. Rb5 Rg2 48. Rxb4 Rxg3 49. Ke5 Kg6 50. Rb6+ f6+ 51. Ke6 Re3+ 52. Kd7 Kg5 0-1

[Event "37th Nezhmetdinov Rapid"]
[Site "Kazan RUS"]
[Date "2015.05.30"]
[Round "8.8"]
[White "Shariyazdanov, Andrey"]
[Black "Isajevsky, Anton"]
[Result "1-0"]
[WhiteTitle "GM"]
[BlackTitle "FM"]
[WhiteElo "2535"]
[BlackElo "2403"]
[WhiteFideId "4122747"]
[BlackFideId "4142500"]
[EventDate "2015.05.29"]

1. d4 d5 2. c4 e6 3. Nc3 Be7 4. cxd5 exd5 5. Bf4 c6 6. e3 Bd6 7. Bg3 Ne7 8. Bd3
Bf5 9. Nge2 O-O 10. O-O Bxd3 11. Qxd3 Na6 12. a3 Nc7 13. f3 Bxg3 14. hxg3 Qd6
15. Kf2 Rae8 16. Rh1 Qg6 17. Qxg6 hxg6 18. g4 f6 19. Nf4 Kf7 20. Nd3 Nc8 21. g5
Rh8 22. gxf6 gxf6 23. g4 Nd6 24. b3 Kg7 25. Nf4 Ncb5 26. Nxb5 Nxb5 27. a4 Nd6
28. a5 a6 29. Nd3 Kf7 30. Nc5 Kg7 31. Rae1 Kf7 32. Ke2 Rd8 33. Kd3 Rde8 34. e4
Rxh1 35. Rxh1 Kg7 36. Re1 Re7 37. e5 fxe5 38. dxe5 Nf7 39. f4 g5 40. Ke3 Nd8 41.
Kf3 gxf4 42. Kxf4 Rf7+ 43. Kg5 Re7 44. e6 Nf7+ 45. Kf4 Nd6 46. Rh1 Ne4 47. Nxe4
dxe4 48. Ke5 e3 1-0

[Event "37th Nezhmetdinov Rapid"]
[Site "Kazan RUS"]
[Date "2015.05.30"]
[Round "8.9"]
[White "Amirkhanov, Roustem"]
[Black "Iljin, Artem"]
[Result "1/2-1/2"]
[WhiteTitle "FM"]
[BlackTitle "GM"]
[WhiteElo "2293"]
[BlackElo "2537"]
[WhiteFideId "24112461"]
[BlackFideId "4156021"]
[EventDate "2015.05.29"]

1. e4 c5 2. Nc3 e6 3. g3 d5 4. exd5 exd5 5. Bg2 Nf6 6. d3 Nc6 7. Nge2 d4 8. Ne4
Be7 9. O-O O-O 10. Nxf6+ Bxf6 11. Nf4 Re8 12. Nd5 Be5 13. Bf4 Be6 14. Bxe5 Nxe5
15. Nf4 Bg4 16. f3 Bd7 17. Qd2 Bc6 18. Rf2 Qd6 19. Raf1 Re7 20. g4 Rae8 21. Nh5
c4 22. Ng3 Re6 23. Nf5 Qc5 24. dxc4 Rd8 25. Qg5 Qf8 26. Nxg7 Rg6 27. Qxe5 Rxg7
28. h3 Qb4 29. b3 Rg6 30. f4 Bxg2 31. Kxg2 d3 32. f5 Rgd6 33. f6 Kh8 34. cxd3
Rxd3 35. Re2 Qf8 36. Qe7 Qg8 37. Rfe1 h6 38. Re3 Kh7 39. Qe4+ Qg6 40. Qf5 Qxf5
41. gxf5 R3d6 42. Re7 Rxf6 43. Rxb7 Rd2+ 44. Kg3 Rxa2 45. Re5 a5 46. Ra7 Rb6 47.
Rxf7+ Kg8 48. Ra7 Rxb3+ 49. Kh4 Kf8 50. Rb5 Rxb5 51. cxb5 a4 52. Kh5 a3 53. Kxh6
Ra1 54. Kg6 a2 55. Kf6 Kg8 56. h4 Rb1 57. Rxa2 Rxb5 58. Kg6 1/2-1/2

[Event "37th Nezhmetdinov Rapid"]
[Site "Kazan RUS"]
[Date "2015.05.30"]
[Round "8.10"]
[White "Kabanov, Nikolai"]
[Black "Vorobiov, Evgeny E."]
[Result "1-0"]
[WhiteTitle "GM"]
[BlackTitle "GM"]
[WhiteElo "2489"]
[BlackElo "2579"]
[WhiteFideId "4127820"]
[BlackFideId "4121341"]
[EventDate "2015.05.29"]

1. e4 c5 2. Nf3 Nc6 3. Bb5 e6 4. O-O Nge7 5. Re1 a6 6. Bf1 d5 7. exd5 Nxd5 8. d4
Nf6 9. Be3 Be7 10. h3 Nd5 11. Bc1 cxd4 12. Nxd4 Nxd4 13. Qxd4 O-O 14. c4 Nb4 15.
Qe4 Bf6 16. Nc3 Bd7 17. Rd1 Qc8 18. Bf4 e5 19. Bxe5 Re8 20. Qd4 Bxe5 21. Qxd7
Bxc3 22. bxc3 Nc6 23. Rab1 Re7 24. Qxc8+ Rxc8 25. g3 g6 26. Bg2 Na5 27. Bd5 Rcc7
28. Rd4 Kg7 29. Kf1 Rc5 30. Rb6 Rec7 31. Rb4 Nc6 32. Bxc6 R5xc6 33. Ke2 a5 34.
Ra4 b6 35. Kd3 h5 36. Ra3 Rf6 37. Ke2 Re6+ 38. Kd2 Rf6 39. f4 h4 40. gxh4 Rc5
41. Rb3 Rh5 42. Rb5 Rxh4 43. c5 bxc5 44. Rxc5 Rxh3 45. Rxa5 Re6 46. a4 Rh2+ 47.
Kd3 Rh3+ 48. Kc2 Rc6 49. c4 Rf3 50. Rb5 Re6 51. Re5 Ra6 52. a5 Ra3 53. Rdd5 Rf3
54. Re4 Ra3 55. Ree5 Rf3 56. Rd4 Ra3 57. Kb2 R3xa5 58. Rxa5 Rxa5 59. Kb3 g5 60.
Kb4 Rf5 61. fxg5 Rxg5 62. c5 Rg1 63. c6 Rb1+ 64. Kc5 Rb8 65. c7 Rc8 66. Kc6 Kf6
67. Rd8 Rxc7+ 68. Kxc7 Ke5 69. Re8+ Kd5 70. Rf8 Ke6 71. Kc6 1-0

[Event "37th Nezhmetdinov Rapid"]
[Site "Kazan RUS"]
[Date "2015.05.30"]
[Round "9.2"]
[White "Geller, Jakov"]
[Black "Khismatullin, Denis"]
[Result "1-0"]
[WhiteTitle "GM"]
[BlackTitle "GM"]
[WhiteElo "2474"]
[BlackElo "2666"]
[WhiteFideId "4151984"]
[BlackFideId "4142578"]
[EventDate "2015.05.29"]

1. e4 c5 2. Nf3 d6 3. d4 cxd4 4. Nxd4 Nf6 5. Nc3 Nc6 6. Bg5 e6 7. Qd2 a6 8.
O-O-O Bd7 9. f4 Qb6 10. Bxf6 gxf6 11. Nb3 h5 12. Be2 O-O-O 13. Rhf1 Kb8 14. Kb1
h4 15. Rf3 Rg8 16. Bf1 Be7 17. a3 Qa7 18. Qe1 Qg1 19. Ne2 Qb6 20. Ned4 Rc8 21.
Qxh4 e5 22. fxe5 Rg4 23. Nxc6+ Qxc6 24. Qf2 Rxe4 25. Rc3 Qa4 26. Rxc8+ Bxc8 27.
exd6 Rf4 28. Qb6 Bf8 29. Qc7+ 1-0

[Event "37th Nezhmetdinov Rapid"]
[Site "Kazan RUS"]
[Date "2015.05.30"]
[Round "9.3"]
[White "Bocharov, Dmitry"]
[Black "Shariyazdanov, Andrey"]
[Result "1-0"]
[WhiteTitle "GM"]
[BlackTitle "GM"]
[WhiteElo "2577"]
[BlackElo "2535"]
[WhiteFideId "4138716"]
[BlackFideId "4122747"]
[EventDate "2015.05.29"]

1. Nf3 Nf6 2. g3 b6 3. Bg2 Bb7 4. d3 d5 5. O-O g6 6. Nbd2 Bg7 7. e4 dxe4 8. dxe4
O-O 9. e5 Nfd7 10. e6 fxe6 11. Ng5 Bxg2 12. Nxe6 Qc8 13. Kxg2 Qb7+ 14. Nf3 Rf5
15. Re1 Rd5 16. Qe2 Ne5 17. Qe4 Qc6 18. Nxc7 1-0

[Event "37th Nezhmetdinov Rapid"]
[Site "Kazan RUS"]
[Date "2015.05.30"]
[Round "9.4"]
[White "Andriasian, Zaven"]
[Black "Amirkhanov, Roustem"]
[Result "1-0"]
[WhiteTitle "GM"]
[BlackTitle "FM"]
[WhiteElo "2600"]
[BlackElo "2293"]
[WhiteFideId "13302000"]
[BlackFideId "24112461"]
[EventDate "2015.05.29"]

1. e4 e5 2. Nf3 Nc6 3. Bc4 Nf6 4. d3 Bc5 5. c3 d6 6. O-O a6 7. Bb3 O-O 8. Nbd2
Ba7 9. h3 Ne7 10. Nh4 Ng6 11. Nxg6 hxg6 12. Nf3 Qe7 13. Re1 Be6 14. Bc2 Nh7 15.
d4 f6 16. Be3 Rf7 17. Bb3 g5 18. h4 gxh4 19. Nxh4 exd4 20. Bxd4 Bxd4 21. cxd4
Bxb3 22. Qxb3 c6 23. Re3 Re8 24. Rae1 Qd7 25. d5 c5 26. Nf5 Kf8 27. Qb6 Rd8 28.
Rg3 Qc7 29. Qb3 Ke8 30. Qf3 Nf8 31. Qh5 g6 32. Rxg6 Nxg6 33. Qxg6 Rd7 34. Re3 1-0

[Event "37th Nezhmetdinov Rapid"]
[Site "Kazan RUS"]
[Date "2015.05.30"]
[Round "9.5"]
[White "Hasangatin, Ramil"]
[Black "Rozum, Ivan"]
[Result "1/2-1/2"]
[WhiteTitle "GM"]
[BlackTitle "GM"]
[WhiteElo "2509"]
[BlackElo "2539"]
[WhiteFideId "4122160"]
[BlackFideId "24104272"]
[EventDate "2015.05.29"]

1. e4 c6 2. d4 d5 3. Nd2 dxe4 4. Nxe4 Bf5 5. Ng3 Bg6 6. Bc4 e6 7. N1e2 Bd6 8.
Nf4 Nf6 9. c3 Nbd7 10. Bb3 Nb6 11. Qf3 Nbd5 12. Nxg6 hxg6 13. Bg5 Be7 14. O-O-O
b5 15. h4 a5 16. Kb1 a4 17. Bc2 a3 18. b4 Nd7 19. Ne4 N7b6 20. Bb3 Qc7 21. g3
Bxg5 22. hxg5 O-O-O 23. Nc5 Qe7 24. Kc2 Nd7 25. Nd3 Rdf8 26. Qg4 Kb7 27. Rde1
Qd8 28. Kd2 Rxh1 29. Rxh1 Rh8 30. Rxh8 Qxh8 31. Qf3 Qe8 32. Qh1 Qd8 33. f4 Qf8 1/2-1/2